MARC

LEADER 00000nam0a2200000 4500
001 234923
005 20231101231348.0
035 |a (RuTPU)RU\TPU\book\256052 
090 |a 234923 
100 |a 20130402d1932 m y0rusy50 ca 
101 0 |a rus 
102 |a RU 
105 |a a z 000zy 
200 1 |a Глинистые растворы при бурении  |f К. А. Царевич 
210 |a Москва  |a Ленинград  |c ОНТИ НКТП  |d 1932 
215 |a 74 с.  |c ил. 
606 1 |a Глинистые растворы  |x Промывка  |2 stltpush  |3 (RuTPU)RU\TPU\subj\7345  |9 35027 
610 1 |a бурение 
610 1 |a свойства 
610 1 |a пластовые воды 
610 1 |a промывочные растворы 
610 1 |a приготовление 
610 1 |a очистка 
610 1 |a установки 
675 |a 622.244.44  |v 3 
700 1 |a Царевич  |b К. А. 
801 1 |a RU  |b 63413507  |c 20130402 
801 2 |a RU  |b 63413507  |c 20130408  |g RCR 
942 |c BK